| 000 | 01255nam a2200349 a 4500 | ||
|---|---|---|---|
| 003 | BLK | ||
| 005 | 20240123085304.0 | ||
| 008 | 180412b bul|||||r ||||||| ||bul|| | ||
| 010 | _aKNG00005804000 | ||
| 040 | _aBLK | ||
| 041 |
_aBUL _cBUL |
||
| 080 |
_aАмериканска литература (на САЩ) _b821.111(73) _x-31 _z821.111(73)-31 |
||
| 100 | 1 |
_aАндерсън, Патрик _eпърви автор _9249004 |
|
| 139 |
_aАндерсън, Патрик _bA 65 |
||
| 245 | 1 | 0 |
_aВсички удоволствия _bРоман _cПатрик Андерсън; прев. от англ. Александър Недев Жеков. |
| 257 | _aUSA | ||
| 260 |
_aСофия _bБард _c1994 |
||
| 300 |
_a208 с. _c20 см |
||
| 380 | _aX | ||
| 490 |
_aКралете на трилъра _v8 |
||
| 500 | _aОриг. загл. The Pleasure Business / Patrick Anderson. - 9 000 тир. | ||
| 653 | _aтрилъри | ||
| 653 | _aромани | ||
| 700 |
_aЖеков, Александър Недев _9244019 |
||
| 852 |
_aЦб 179380 _bЦб |
||
| 856 | 4 |
_qpdf _u |
|
| 856 | 4 |
_qpdf _u |
|
| 942 |
_cKNG _n0 |
||
| 944 |
_aCR _c15.01.2003 _k30534 _lРадостина Карадакова |
||
| 944 |
_aED _c08.07.2005 |
||
| 999 |
_c4648 _d4648 |
||
| 999 | _d4648 | ||